[Event "30th Klatovy C 2024"]
[Site "Klatovy CZE"]
[Date "2024.07.02"]
[Round "4.14"]
[White "Rezny, Frantisek"]
[Black "Danko, Jiri"]
[Result "0-1"]
[WhiteElo "1687"]
[BlackElo "1954"]
[PlyCount "58"]
[EventDate "2024.06.29"]
[EventType "swiss"]
[EventRounds "9"]
[EventCountry "CZE"]

1. e4 e5 2. Nf3 Nc6 3. Bc4 Nf6 4. Nc3 Nxe4 5. Bxf7+ Kxf7 6. Nxe4 d5 7. Nc3 Be7 8. d3 Rf8 9. O-O Kg8 10. h3 Bf6 11. Bd2 a6 12. a4 h6 13. Rb1 Rb8 14. Ne2 b5 15. axb5 axb5 16. Ng3 Qe8 17. Re1 Qg6 18. Re2 Bd7 19. Qe1 Rbe8 20. Bb4 Rf7 21. Bc5 h5 22. h4 Bg4 23. Re3 Bxf3 24. Rxf3 Bxh4 25. Re3 Bg5 26. Re2 h4 27. Nf1 e4 28. Nd2 Ne5 29. dxe4 Bxd2 0-1

[Event "30th Klatovy C 2024"]
[Site "Klatovy CZE"]
[Date "2024.07.02"]
[Round "4.15"]
[White "Rychtecky, Pavel"]
[Black "Vavrinek, Tomas"]
[Result "0-1"]
[WhiteElo "1719"]
[BlackElo "1827"]
[PlyCount "48"]
[EventDate "2024.06.29"]
[EventType "swiss"]
[EventRounds "9"]
[EventCountry "CZE"]

1. e4 c5 2. Nf3 Nc6 3. d4 cxd4 4. Nxd4 Nf6 5. Nc3 e5 6. Nf3 Bb4 7. Bd3 d5 8. exd5 Qxd5 9. O-O Bxc3 10. bxc3 Be6 11. c4 Qa5 12. Qe2 O-O 13. Bb2 Bg4 14. h3 Bh5 15. Qe3 Rfe8 16. Nd2 Rad8 17. Bc3 Qc7 18. f3 Bg6 19. Rfd1 Nd4 20. Ne4 Nxe4 21. fxe4 Qc5 22. Re1 b5 23. Bxd4 exd4 24. Qe2 bxc4 0-1

[Event "30th Klatovy C 2024"]
[Site "Klatovy CZE"]
[Date "2024.07.02"]
[Round "4.16"]
[White "Stanke, Vilem"]
[Black "Novotny, Jaromir"]
[Result "0-1"]
[WhiteElo "1572"]
[BlackElo "1788"]
[PlyCount "76"]
[EventDate "2024.06.29"]
[EventType "swiss"]
[EventRounds "9"]
[EventCountry "CZE"]

1. e4 c5 2. Nf3 g6 3. d4 cxd4 4. Qxd4 Nf6 5. e5 Nc6 6. Qc3 Nd5 7. Qc5 e6 8. Qc4 Bg7 9. Bf4 Nxf4 10. Qxf4 Nxe5 11. Nc3 Nxf3+ 12. Qxf3 Qa5 13. Be2 Bxc3+ 14. bxc3 Qf5 15. Qd3 Qxd3 16. cxd3 b6 17. Bf3 Rb8 18. Rb1 Bb7 19. Bxb7 Rxb7 20. c4 Rc7 21. Ke2 Ke7 22. Rhc1 Re8 23. Rc3 d5 24. Rbc1 Kd6 25. a4 dxc4 26. dxc4 Rc5 27. Rd1+ Ke7 28. Kd3 Rd8+ 29. Kc2 Rxd1 30. Kxd1 Ra5 31. Ra3 a6 32. Kd2 b5 33. Kc3 Rxa4 34. Rxa4 bxa4 35. Kb4 Kd6 36. f4 f6 37. Kxa4 Kc5 38. Kb3 a5 0-1

[Event "30th Klatovy C 2024"]
[Site "Klatovy CZE"]
[Date "2024.07.02"]
[Round "4.17"]
[White "Svec, Ludek"]
[Black "Malik, Zdenek"]
[Result "1-0"]
[WhiteElo "1764"]
[BlackElo "1678"]
[PlyCount "69"]
[EventDate "2024.06.29"]
[EventType "swiss"]
[EventRounds "9"]
[EventCountry "CZE"]

1. d4 d5 2. Nf3 e6 3. g3 Nf6 4. Bg2 Nbd7 5. O-O c5 6. e3 Bd6 7. Nc3 a6 8. a4 O-O 9. Re1 Re8 10. b3 cxd4 11. exd4 Bb4 12. Re3 e5 13. Na2 Ba5 14. Bb2 Bb6 15. h3 e4 16. Nd2 Nf8 17. c4 Be6 18. c5 Ba7 19. b4 Rc8 20. Rc1 Rc7 21. b5 axb5 22. axb5 Qd7 23. b6 Bxb6 24. cxb6 Rxc1 25. Qxc1 Bxh3 26. Qf1 Bxg2 27. Kxg2 Ng4 28. Rb3 e3 29. Nf3 exf2 30. Ne5 Rxe5 31. dxe5 Qf5 32. Qe2 Ne6 33. Qf3 Qb1 34. Nc1 h5 35. Qd3 1-0

[Event "30th Klatovy C 2024"]
[Site "Klatovy CZE"]
[Date "2024.07.02"]
[Round "4.18"]
[White "Nussbauer, Ladislav"]
[Black "Tomecek, Marian"]
[Result "1-0"]
[WhiteElo "1652"]
[BlackElo "1588"]
[PlyCount "49"]
[EventDate "2024.06.29"]
[EventType "swiss"]
[EventRounds "9"]
[EventCountry "CZE"]

1. d4 Nf6 2. c4 c6 3. Nf3 g6 4. Nc3 e6 5. e4 d5 6. cxd5 exd5 7. e5 Ne4 8. Bd3 Nxc3 9. bxc3 Be7 10. O-O Bg4 11. h3 Be6 12. Bh6 Nd7 13. Qd2 Qa5 14. Rfb1 O-O-O 15. Rb3 Nb6 16. Rab1 Rd7 17. Qc1 Kb8 18. Qb2 Rc8 19. Bg5 Bf8 20. Bf6 Rdc7 21. Bg7 Nc4 22. Bxc4 dxc4 23. Bxf8 cxb3 24. Bd6 bxa2 25. Qxb7# 1-0

[Event "30th Klatovy C 2024"]
[Site "Klatovy CZE"]
[Date "2024.07.02"]
[Round "4.19"]
[White "Stross, Frantisek 1952"]
[Black "Hanzlik, Jiri"]
[Result "1-0"]
[WhiteElo "1674"]
[BlackElo "1712"]
[PlyCount "70"]
[EventDate "2024.06.29"]
[EventType "swiss"]
[EventRounds "9"]
[EventCountry "CZE"]

1. e4 e6 2. e5 d5 3. d4 Nc6 4. c3 Bd7 5. f4 Qh4+ 6. g3 Qd8 7. Nf3 Nge7 8. Bd3 h6 9. O-O Nc8 10. b4 a6 11. a4 N6e7 12. Ba3 Na7 13. Nbd2 Nec8 14. Nb3 Bxa4 15. Qb1 Bb5 16. Nc5 Rb8 17. Kg2 b6 18. Nxa6 Bxa6 19. Bxa6 b5 20. Bxc8 Nxc8 21. Bb2 Nb6 22. Nd2 Be7 23. f5 Bg5 24. fxe6 Bxd2 25. exf7+ Kf8 26. Qf5 Nc4 27. Rf3 Ne3+ 28. Rxe3 Bxe3 29. Re1 Bg5 30. h4 Be7 31. Bc1 Qc8 32. e6 c6 33. Bf4 Ra8 34. Be5 Ra2+ 35. Kh3 Ra3 1-0

[Event "30th Klatovy C 2024"]
[Site "Klatovy CZE"]
[Date "2024.07.02"]
[Round "4.20"]
[White "Zimmermann, Ladislav"]
[Black "Ruzickova, Helena"]
[Result "1-0"]
[WhiteElo "1581"]
[BlackElo "1651"]
[PlyCount "111"]
[EventDate "2024.06.29"]
[EventType "swiss"]
[EventRounds "9"]
[EventCountry "CZE"]

1. e4 g6 2. Nf3 Bg7 3. d4 d6 4. Nc3 c6 5. g3 Nd7 6. Bf4 Ngf6 7. e5 Nh5 8. Qe2 Nxf4 9. gxf4 dxe5 10. dxe5 Nb6 11. Rd1 Qc7 12. Bg2 Bg4 13. h3 Be6 14. b3 Bh6 15. Ng5 Bf5 16. Be4 e6 17. Bxf5 exf5 18. e6 f6 19. Nf7 Ke7 20. Nxh8 Rxh8 21. Qe3 Bxf4 22. Qe2 Be5 23. Rd3 f4 24. Ne4 Nd5 25. a3 f5 26. Ng5 h6 27. Nf7 Bc3+ 28. Kf1 Rh7 29. b4 a5 30. bxa5 Qxa5 31. Ne5 Rg7 32. Rg1 Kf6 33. Nd7+ Ke7 34. Ne5 Kf6 35. Nc4 Qc5 36. Ne5 Bxe5 37. Rb3 b5 38. e7 Nxe7 39. a4 Qc4 40. Qxc4 bxc4 41. Rb7 g5 42. a5 Nc8 43. Rxg7 Kxg7 44. f3 Kf6 45. Rg2 Na7 46. Rd2 Bc3 47. Rd6+ Ke5 48. Rxh6 Bxa5 49. Rg6 g4 50. fxg4 fxg4 51. Rxg4 Kf5 52. Rg7 Nb5 53. h4 Nd6 54. Rg5+ Kf6 55. Rxa5 Nf5 56. Rc5 1-0

[Event "30th Klatovy C 2024"]
[Site "Klatovy CZE"]
[Date "2024.07.01"]
[Round "3.1"]
[White "Hlavac, Rudolf"]
[Black "Zahorbensky, Jaroslav"]
[Result "1/2-1/2"]
[WhiteElo "1927"]
[BlackElo "2032"]
[PlyCount "86"]
[EventDate "2024.06.29"]
[EventType "swiss"]
[EventRounds "9"]
[EventCountry "CZE"]

1. e4 {[%emt 0:00:02]} g6 {[%emt 0:00:22]} 2. d4 {[%emt 0:00:10]} Nf6 {[%emt 0:00:23]} 3. Nc3 {[%emt 0:00:17]} d5 {[%emt 0:00:11]} 4. Bd3 {[%emt 0:03:57]} c6 {[%emt 0:01:53]} 5. e5 {[%emt 0:09:14]} Nh5 {[%emt 0:02:49]} 6. h3 {[%emt 0:04:02]} Ng7 {[%emt 0:02:13]} 7. Nf3 {[%emt 0:03:48]} Bf5 {[%emt 0:01:06]} 8. O-O {[%emt 0:01:19]} Bxd3 {[%emt 0:07:54]} 9. Qxd3 {[%emt 0:00:45]} e6 {[%emt 0:00:44]} 10. Nd1 {[%emt 0:05:17]} Be7 {[%emt 0:01:06]} 11. Ne3 {[%emt 0:02:21]} Nd7 {[%emt 0:05:17]} 12. Bd2 {[%emt 0:04:34]} a5 {[%emt 0:13:20]} 13. a4 {[%emt 0:01:42]} Qb6 {[%emt 0:01:23]} 14. b3 {[%emt 0:10:29]} Qa6 {[%emt 0:01:58]} 15. Qc3 {[%emt 0:01:08]} O-O {[%emt 0:02:44]} 16. Qb2 {[%emt 0:01:50]} f5 {[%emt 0:06:35]} 17. exf6 {[%emt 0:06:50]} Nxf6 {[%emt 0:00:24]} 18. Ng4 {[%emt 0:02:19]} Ne4 {[%emt 0:01:04]} 19. Bh6 {[%emt 0:05:41]} Rf5 {[%emt 0:08:04]} 20. Bxg7 {[%emt 0:02:02]} Kxg7 {[%emt 0:00:02]} 21. Qc1 {[%emt 0:02:49]} Rh5 {[%emt 0:05:07]} 22. Qe3 {[%emt 0:04:34]} Bb4 {[%emt 0:05:49]} 23. Rad1 {[%emt 0:03:20]} Re8 {[%emt 0:02:05]} 24. Nfe5 {[%emt 0:05:06]} c5 {[%emt 0:14:49]} 25. Nd3 {[%emt 0:04:45]} Qb6 {[%emt 0:01:24]} 26. dxc5 {[%emt 0:02:39]} Bxc5 {[%emt 0:00:26]} 27. Nxc5 {[%emt 0:00:59]} Qxc5 {[%emt 0:00:24]} 28. Qxc5 {[%emt 0:03:03]} Nxc5 {[%emt 0:00:02]} 29. Rfe1 {[%emt 0:01:59]} Rf5 {[%emt 0:02:14]} 30. f3 {[%emt 0:02:30]} h5 {[%emt 0:01:18]} 31. Ne5 {[%emt 0:03:45]} Kf6 {[%emt 0:00:47]} 32. Nd3 {[%emt 0:01:00]} Rc8 {[%emt 0:03:04]} 33. Nxc5 {[%emt 0:00:34]} Rxc5 {[%emt 0:00:02]} 34. Re2 {[%emt 0:00:35]} e5 {[%emt 0:03:34]} 35. Rd3 {[%emt 0:03:56]} h4 {[%emt 0:04:34]} 36. Kf2 {[%emt 0:00:41]} d4 {[%emt 0:01:58]} 37. Ke1 {[%emt 0:00:23]} Rg5 {[%emt 0:05:18]} 38. f4 {[%emt 0:02:00]} exf4 {[%emt 0:00:35]} 39. Rxd4 {[%emt 0:00:19]} Rgf5 {[%emt 0:01:24]} 40. Rd6+ {[%emt 0:00:52]} Kg5 {[%emt 0:00:21]} 41. Ree6 {[%emt 0:02:37]} Rfe5+ {[%emt 0:02:05]} 42. Rxe5+ {[%emt 0:00:11]} Rxe5+ {[%emt 0:00:04]} 43. Kf2 {[%emt 0:00:14]} b5 {[%emt 0:02:20]} 1/2-1/2

[Event "30th Klatovy C 2024"]
[Site "Klatovy CZE"]
[Date "2024.07.01"]
[Round "3.2"]
[White "Provaznik, Jan 1965"]
[Black "Chalus, Karel"]
[Result "1/2-1/2"]
[WhiteElo "1589"]
[BlackElo "1982"]
[PlyCount "53"]
[EventDate "2024.06.29"]
[EventType "swiss"]
[EventRounds "9"]
[EventCountry "CZE"]

1. d4 {[%emt 0:00:07]} Nf6 {[%emt 0:00:05]} 2. Nf3 {[%emt 0:00:08]} e6 {[%emt 0:00:18]} 3. e3 {[%emt 0:00:33]} b6 {[%emt 0:00:17]} 4. Bd3 {[%emt 0:00:58]} Bb7 {[%emt 0:00:18]} 5. O-O {[%emt 0:00:23]} Be7 {[%emt 0:00:22]} 6. b3 {[%emt 0:00:43]} d5 {[%emt 0:00:58]} 7. Bb2 {[%emt 0:00:47]} O-O {[%emt 0:00:19]} 8. Nbd2 {[%emt 0:00:34]} Nbd7 {[%emt 0:10:20]} 9. Ne5 {[%emt 0:02:13]} Ne4 {[%emt 0:38:30]} 10. f3 {[%emt 0:04:35]} Nxe5 {[%emt 0:03:05]} 11. dxe5 {[%emt 0:02:03]} Nc5 {[%emt 0:00:46]} 12. Qe2 {[%emt 0:07:32]} f6 {[%emt 0:02:38]} 13. Rad1 {[%emt 0:06:05]} fxe5 {[%emt 0:03:53]} 14. Bxe5 {[%emt 0:00:49]} Bf6 {[%emt 0:02:01]} 15. Bg3 {[%emt 0:02:10]} Qe7 {[%emt 0:06:10]} 16. e4 {[%emt 0:05:31]} Nxd3 {[%emt 0:02:39]} 17. cxd3 {[%emt 0:01:21]} c5 {[%emt 0:04:34]} 18. e5 {[%emt 0:04:51]} Bg5 {[%emt 0:00:36]} 19. f4 {[%emt 0:00:46]} Bh6 {[%emt 0:00:34]} 20. Qg4 {[%emt 0:02:34]} a5 {[%emt 0:05:26]} 21. Bh4 {[%emt 0:05:48]} Qf7 {[%emt 0:09:27]} 22. Bf6 {[%emt 0:08:44]} Kh8 {[%emt 0:02:27]} 23. Bg5 {[%emt 0:01:22]} Qg6 {[%emt 0:01:39]} 24. h4 {[%emt 0:06:55]} Bxg5 {[%emt 0:00:40]} 25. hxg5 {[%emt 0:03:52]} Qxd3 {[%emt 0:07:58]} 26. Nc4 {[%emt 0:04:30]} Qg6 {[%emt 0:10:36]} 27. Nxb6 {[%emt 0:09:32]} 1/2-1/2

[Event "30th Klatovy C 2024"]
[Site "Klatovy CZE"]
[Date "2024.07.01"]
[Round "3.3"]
[White "Pokora, Lubomir"]
[Black "Kopta, Pavel"]
[Result "0-1"]
[WhiteElo "1857"]
[BlackElo "2193"]
[PlyCount "80"]
[EventDate "2024.06.29"]
[EventType "swiss"]
[EventRounds "9"]
[EventCountry "CZE"]

1. e4 {[%emt 0:00:04]} c5 {[%emt 0:00:12]} 2. Nf3 {[%emt 0:00:09]} d6 {[%emt 0:00:12]} 3. c3 {[%emt 0:00:15]} Nf6 {[%emt 0:01:49]} 4. h3 {[%emt 0:00:18]} g6 {[%emt 0:02:30]} 5. Bd3 {[%emt 0:01:34]} Bg7 {[%emt 0:02:37]} 6. Bc2 {[%emt 0:01:13]} O-O {[%emt 0:03:10]} 7. O-O {[%emt 0:01:40]} e5 {[%emt 0:08:26]} 8. d3 {[%emt 0:05:30]} Nc6 {[%emt 0:02:49]} 9. Nbd2 {[%emt 0:08:02]} Rb8 {[%emt 0:07:39]} 10. a4 {[%emt 0:01:54]} d5 {[%emt 0:02:07]} 11. Re1 {[%emt 0:01:51]} Re8 {[%emt 0:01:05]} 12. Nf1 {[%emt 0:02:48]} h6 {[%emt 0:10:05]} 13. Ng3 {[%emt 0:03:10]} Be6 {[%emt 0:06:46]} 14. Bd2 {[%emt 0:05:34]} Rc8 {[%emt 0:06:06]} 15. Re2 {[%emt 0:10:34]} Kh7 {[%emt 0:04:58]} 16. Rb1 {[%emt 0:06:31]} c4 {[%emt 0:05:12]} 17. Be1 {[%emt 0:13:33]} Qb6 {[%emt 0:09:07]} 18. b4 {[%emt 0:03:38]} cxd3 {[%emt 0:04:44]} 19. Bxd3 {[%emt 0:04:22]} dxe4 {[%emt 0:00:17]} 20. Nxe4 {[%emt 0:01:53]} Nxe4 {[%emt 0:00:16]} 21. Bxe4 {[%emt 0:00:19]} Bc4 {[%emt 0:01:29]} 22. Rd2 {[%emt 0:03:59]} f5 {[%emt 0:04:16]} 23. Bd5 {[%emt 0:03:11]} Bxd5 {[%emt 0:00:42]} 24. Rxd5 {[%emt 0:00:15]} e4 {[%emt 0:01:06]} 25. Nh4 {[%emt 0:03:49]} Ne5 {[%emt 0:00:51]} 26. Rb5 {[%emt 0:11:28]} Qf6 {[%emt 0:06:19]} 27. g3 {[%emt 0:08:02]} Rcd8 {[%emt 0:05:53]} 28. Qb3 {[%emt 0:03:59]} Qc6 {[%emt 0:02:06]} 29. Rc5 {[%emt 0:02:34]} Qd6 {[%emt 0:02:02]} 30. c4 {[%emt 0:01:37]} Qf6 {[%emt 0:04:52]} 31. a5 {[%emt 0:05:40]} Rd3 {[%emt 0:01:13]} 32. Qa4 {[%emt 0:00:23]} Re7 {[%emt 0:02:06]} 33. Qc2 {[%emt 0:03:06]} Red7 {[%emt 0:02:45]} 34. Rc8 {[%emt 0:02:04]} f4 {[%emt 0:02:37]} 35. c5 {[%emt 0:01:09]} Rf7 {[%emt 0:02:15]} 36. Qe2 {[%emt 0:02:13]} e3 {[%emt 0:04:00]} 37. gxf4 {[%emt 0:03:10]} Qxh4 {[%emt 0:05:25]} 38. fxe5 {[%emt 0:00:20]} Qg5+ {[%emt 0:01:15]} 39. Qg4 {[%emt 0:01:19]} Qxe5 {[%emt 0:00:46]} 40. Qc4 {[%emt 0:00:42]} Qf5 {[%emt 0:00:44]} 0-1

[Event "30th Klatovy C 2024"]
[Site "Klatovy CZE"]
[Date "2024.07.01"]
[Round "3.5"]
[White "Macho, Miloslav"]
[Black "Novotny, Jaroslav2"]
[Result "1/2-1/2"]
[WhiteElo "1845"]
[BlackElo "1934"]
[PlyCount "74"]
[EventDate "2024.06.29"]
[EventType "swiss"]
[EventRounds "9"]
[EventCountry "CZE"]

1. Nf3 {[%emt 0:04:16]} d5 {[%emt 0:00:09]} 2. e3 {[%emt 0:00:16]} c5 {[%emt 0:00:45]} 3. d4 {[%emt 0:02:06]} e6 {[%emt 0:01:14]} 4. Bb5+ {[%emt 0:08:11]} Bd7 {[%emt 0:00:44]} 5. Be2 {[%emt 0:01:15]} Nc6 {[%emt 0:00:26]} 6. O-O {[%emt 0:00:55]} Nf6 {[%emt 0:00:16]} 7. Nbd2 {[%emt 0:01:55]} cxd4 {[%emt 0:07:56]} 8. exd4 {[%emt 0:00:47]} Bd6 {[%emt 0:04:14]} 9. c3 {[%emt 0:04:16]} O-O {[%emt 0:00:40]} 10. Re1 {[%emt 0:03:53]} Rc8 {[%emt 0:02:50]} 11. Nf1 {[%emt 0:00:53]} h6 {[%emt 0:00:20]} 12. Bd3 {[%emt 0:02:31]} Qc7 {[%emt 0:16:45]} 13. Bd2 {[%emt 0:05:41]} Bf4 {[%emt 0:12:18]} 14. Rc1 {[%emt 0:03:22]} Bxd2 {[%emt 0:00:58]} 15. Qxd2 {[%emt 0:00:55]} Rfd8 {[%emt 0:05:30]} 16. Bb1 {[%emt 0:05:23]} Ne7 {[%emt 0:03:06]} 17. Ne5 {[%emt 0:02:21]} Be8 {[%emt 0:00:13]} 18. Qe2 {[%emt 0:06:26]} Rd6 {[%emt 0:07:45]} 19. Ng4 {[%emt 0:10:13]} Nxg4 {[%emt 0:01:15]} 20. Qxg4 {[%emt 0:00:03]} Rc6 {[%emt 0:06:54]} 21. Ng3 {[%emt 0:02:13]} f5 {[%emt 0:10:03]} 22. Qf3 {[%emt 0:05:40]} b5 {[%emt 0:03:38]} 23. a3 {[%emt 0:01:06]} a5 {[%emt 0:00:15]} 24. Ne2 {[%emt 0:04:25]} g5 {[%emt 0:03:14]} 25. g4 {[%emt 0:12:01]} Bg6 {[%emt 0:02:56]} 26. Ng3 {[%emt 0:09:09]} Rf8 {[%emt 0:01:00]} 27. gxf5 {[%emt 0:05:19]} Nxf5 {[%emt 0:01:12]} 28. Nxf5 {[%emt 0:01:36]} Bxf5 {[%emt 0:00:11]} 29. Bxf5 {[%emt 0:02:16]} Rxf5 {[%emt 0:00:16]} 30. Qg3 {[%emt 0:02:30]} Qf4 {[%emt 0:02:38]} 31. Qxf4 {[%emt 0:03:57]} Rxf4 {[%emt 0:00:02]} 32. Re3 {[%emt 0:02:08]} Kf7 {[%emt 0:01:14]} 33. Kg2 {[%emt 0:01:39]} b4 {[%emt 0:03:43]} 34. axb4 {[%emt 0:01:01]} axb4 {[%emt 0:00:10]} 35. Ra1 {[%emt 0:01:50]} bxc3 {[%emt 0:00:33]} 36. bxc3 {[%emt 0:00:09]} Kg6 {[%emt 0:03:10]} 37. Ra8 {[%emt 0:01:56]} Rf6 {[%emt 0:05:46]} 1/2-1/2

[Event "30th Klatovy C 2024"]
[Site "Klatovy CZE"]
[Date "2024.07.01"]
[Round "3.6"]
[White "Zednik, Zdenek"]
[Black "Novy, Jan"]
[Result "1-0"]
[WhiteElo "1882"]
[BlackElo "1599"]
[PlyCount "55"]
[EventDate "2024.06.29"]
[EventType "swiss"]
[EventRounds "9"]
[EventCountry "CZE"]

1. Nf3 {[%emt 0:00:09]} Nf6 {[%emt 0:07:43]} 2. c4 {[%emt 0:00:14]} c5 {[%emt 0:00:54]} 3. Nc3 {[%emt 0:00:17]} Nc6 {[%emt 0:01:06]} 4. g3 {[%emt 0:00:40]} d6 {[%emt 0:01:43]} 5. Bg2 {[%emt 0:00:17]} e5 {[%emt 0:00:25]} 6. e3 {[%emt 0:00:59]} g6 {[%emt 0:00:28]} 7. d4 {[%emt 0:00:28]} Bh6 {[%emt 0:02:50]} 8. dxe5 {[%emt 0:00:34]} dxe5 {[%emt 0:00:26]} 9. Qxd8+ {[%emt 0:00:34]} Kxd8 {[%emt 0:00:22]} 10. O-O {[%emt 0:02:08]} Be6 {[%emt 0:00:49]} 11. Nd5 {[%emt 0:02:55]} Bxd5 {[%emt 0:01:34]} 12. cxd5 {[%emt 0:00:59]} e4 {[%emt 0:01:34]} 13. dxc6 {[%emt 0:01:07]} exf3 {[%emt 0:00:07]} 14. cxb7 {[%emt 0:00:20]} Rb8 {[%emt 0:00:30]} 15. Bxf3 {[%emt 0:00:18]} Ke7 {[%emt 0:00:58]} 16. b3 {[%emt 0:02:48]} Rhd8 {[%emt 0:01:40]} 17. Ba3 {[%emt 0:06:49]} Nd7 {[%emt 0:05:39]} 18. Rac1 {[%emt 0:01:12]} Kd6 {[%emt 0:00:23]} 19. Rfd1+ {[%emt 0:00:24]} Kc7 {[%emt 0:01:38]} 20. b4 {[%emt 0:04:10]} Bf8 {[%emt 0:00:41]} 21. bxc5 {[%emt 0:01:37]} Ne5 {[%emt 0:00:20]} 22. Bg2 {[%emt 0:04:04]} Nc6 {[%emt 0:01:10]} 23. Rxd8 {[%emt 0:01:47]} Rxd8 {[%emt 0:00:17]} 24. Bxc6 {[%emt 0:03:52]} Kxc6 {[%emt 0:00:23]} 25. Rb1 {[%emt 0:00:08]} Rb8 {[%emt 0:00:34]} 26. Kf1 {[%emt 0:00:20]} Rxb7 {[%emt 0:00:27]} 27. Rxb7 {[%emt 0:00:13]} Kxb7 {[%emt 0:00:03]} 28. c6+ {[%emt 0:00:09]} 1-0

[Event "30th Klatovy C 2024"]
[Site "Klatovy CZE"]
[Date "2024.07.01"]
[Round "3.7"]
[White "Kriha, Pavel"]
[Black "Berka, Lubos"]
[Result "0-1"]
[WhiteElo "1877"]
[BlackElo "1835"]
[PlyCount "71"]
[EventDate "2024.06.29"]
[EventType "swiss"]
[EventRounds "9"]
[EventCountry "CZE"]

1. c4 {[%emt 0:00:03]} e5 {[%emt 0:00:21]} 2. Nc3 {[%emt 0:00:10]} Nf6 {[%emt 0:00:09]} 3. g3 {[%emt 0:00:08]} Nc6 {[%emt 0:00:32]} 4. Bg2 {[%emt 0:00:16]} g6 {[%emt 0:00:28]} 5. Nf3 {[%emt 0:00:20]} d6 {[%emt 0:00:30]} 6. h3 {[%emt 0:00:26]} Bg7 {[%emt 0:00:42]} 7. O-O {[%emt 0:00:23]} O-O {[%emt 0:00:25]} 8. Kh2 {[%emt 0:02:26]} Nh5 {[%emt 0:02:13]} 9. d3 {[%emt 0:00:58]} f5 {[%emt 0:03:05]} 10. e3 {[%emt 0:00:56]} Nf6 {[%emt 0:02:40]} 11. a3 {[%emt 0:01:20]} h6 {[%emt 0:01:19]} 12. Qc2 {[%emt 0:00:58]} g5 {[%emt 0:04:22]} 13. Nd5 {[%emt 0:07:41]} Nxd5 {[%emt 0:03:26]} 14. cxd5 {[%emt 0:00:02]} Ne7 {[%emt 0:01:16]} 15. e4 {[%emt 0:00:48]} Ng6 {[%emt 0:04:39]} 16. Bd2 {[%emt 0:01:08]} g4 {[%emt 0:02:54]} 17. hxg4 {[%emt 0:01:20]} f4 {[%emt 0:03:05]} 18. Bh3 {[%emt 0:06:57]} h5 {[%emt 0:13:39]} 19. gxh5 {[%emt 0:02:27]} Bxh3 {[%emt 0:01:03]} 20. Kxh3 {[%emt 0:00:31]} Qd7+ {[%emt 0:03:33]} 21. g4 {[%emt 0:01:31]} Bf6 {[%emt 0:02:17]} 22. hxg6 {[%emt 0:00:49]} Kg7 {[%emt 0:00:27]} 23. Nh2 {[%emt 0:01:19]} Rh8+ {[%emt 0:00:46]} 24. Kg2 {[%emt 0:00:37]} Rxh2+ {[%emt 0:00:16]} 25. Kf3 {[%emt 0:01:58]} Bh4 {[%emt 0:05:54]} 26. Be1 {[%emt 0:01:04]} Rh3+ {[%emt 0:02:55]} 27. Ke2 {[%emt 0:00:14]} Qxg4+ {[%emt 0:01:17]} 28. Kd2 {[%emt 0:03:15]} Rc8 {[%emt 0:01:37]} 29. Kc3 {[%emt 0:12:21]} Qg2 {[%emt 0:03:47]} 30. Bd2 {[%emt 0:01:12]} Bxf2 {[%emt 0:05:00]} 31. Kb3 {[%emt 0:01:05]} Bc5 {[%emt 0:07:15]} 32. Bb4 {[%emt 0:04:01]} Qxe4 {[%emt 0:02:09]} 33. Rad1 {[%emt 0:02:43]} Bxb4 {[%emt 0:02:29]} 34. axb4 {[%emt 0:00:12]} Qxd5+ {[%emt 0:00:25]} 35. Ka3 {[%emt 0:01:31]} c5 {[%emt 0:05:21]} 36. b3 {[%emt 0:02:06]} 0-1

[Event "30th Klatovy C 2024"]
[Site "Klatovy CZE"]
[Date "2024.07.01"]
[Round "3.8"]
[White "Korsa, Jindrich"]
[Black "Fiser, Jiri2"]
[Result "1-0"]
[WhiteElo "2036"]
[BlackElo "1877"]
[PlyCount "111"]
[EventDate "2024.06.29"]
[EventType "swiss"]
[EventRounds "9"]
[EventCountry "CZE"]

1. e4 {[%emt 0:00:04]} g6 {[%emt 0:00:03]} 2. Nc3 {[%emt 0:00:08]} Bg7 {[%emt 0:00:03]} 3. g4 {[%emt 0:00:10]} d6 {[%emt 0:00:14]} 4. Bg2 {[%emt 0:00:10]} c5 {[%emt 0:00:45]} 5. d3 {[%emt 0:00:09]} Nc6 {[%emt 0:00:08]} 6. h3 {[%emt 0:00:10]} e6 {[%emt 0:03:34]} 7. Nge2 {[%emt 0:00:23]} Nge7 {[%emt 0:05:52]} 8. Ng3 {[%emt 0:00:17]} Nd4 {[%emt 0:01:25]} 9. O-O {[%emt 0:01:17]} Bd7 {[%emt 0:01:22]} 10. Nce2 {[%emt 0:00:53]} O-O {[%emt 0:04:40]} 11. c3 {[%emt 0:00:18]} Nxe2+ {[%emt 0:00:07]} 12. Qxe2 {[%emt 0:00:01]} Rb8 {[%emt 0:09:47]} 13. f4 {[%emt 0:00:33]} f5 {[%emt 0:00:06]} 14. Be3 {[%emt 0:01:38]} Qc8 {[%emt 0:21:14]} 15. Rad1 {[%emt 0:04:30]} fxg4 {[%emt 0:08:03]} 16. hxg4 {[%emt 0:00:29]} b5 {[%emt 0:03:44]} 17. d4 {[%emt 0:03:06]} e5 {[%emt 0:07:30]} 18. f5 {[%emt 0:05:24]} cxd4 {[%emt 0:06:34]} 19. cxd4 {[%emt 0:00:08]} Nc6 {[%emt 0:00:20]} 20. d5 {[%emt 0:01:31]} Nd4 {[%emt 0:00:12]} 21. Qd2 {[%emt 0:00:34]} Qd8 {[%emt 0:07:09]} 22. Bg5 {[%emt 0:05:21]} Bf6 {[%emt 0:00:49]} 23. Bh6 {[%emt 0:00:45]} Bg7 {[%emt 0:01:28]} 24. Bxg7 {[%emt 0:00:18]} Kxg7 {[%emt 0:00:01]} 25. Ne2 {[%emt 0:00:26]} Nxe2+ {[%emt 0:01:27]} 26. Qxe2 {[%emt 0:00:01]} Qg5 {[%emt 0:00:48]} 27. Bf3 {[%emt 0:07:24]} Rfc8 {[%emt 0:03:22]} 28. Qd2 {[%emt 0:01:10]} Qxd2 {[%emt 0:02:47]} 29. Rxd2 Rc4 {[%emt 0:01:08]} 30. Kf2 {[%emt 0:00:37]} Rbc8 {[%emt 0:00:12]} 31. Ke3 {[%emt 0:00:16]} Rc2 {[%emt 0:02:06]} 32. Bd1 {[%emt 0:03:15]} Rxd2 {[%emt 0:00:41]} 33. Kxd2 {[%emt 0:00:01]} Kf6 {[%emt 0:01:41]} 34. Rf3 {[%emt 0:04:26]} b4 {[%emt 0:01:58]} 35. Bc2 {[%emt 0:04:26]} Kg5 {[%emt 0:02:18]} 36. Rh3 {[%emt 0:01:17]} h6 {[%emt 0:06:25]} 37. Bd3 {[%emt 0:02:10]} Ba4 {[%emt 0:10:40]} 38. Rh1 {[%emt 0:01:31]} a5 {[%emt 0:02:00]} 39. Rf1 {[%emt 0:04:33]} Bd7 {[%emt 0:01:52]} 40. Ba6 {[%emt 0:03:19]} Rc7 {[%emt 0:00:54]} 41. Be2 {[%emt 0:04:31]} Be8 {[%emt 0:00:21]} 42. Rh1 {[%emt 0:03:57]} Ba4 {[%emt 0:01:47]} 43. Bd3 {[%emt 0:01:50]} Be8 {[%emt 0:00:50]} 44. Bc2 {[%emt 0:04:16]} h5 {[%emt 0:00:12]} 45. gxh5 {[%emt 0:02:01]} gxh5 {[%emt 0:00:03]} 46. Rg1+ {[%emt 0:00:33]} Kf6 {[%emt 0:03:35]} 47. Rg8 {[%emt 0:00:42]} Bf7 {[%emt 0:00:57]} 48. Rd8 {[%emt 0:00:13]} Ke7 {[%emt 0:00:16]} 49. Ra8 {[%emt 0:00:05]} Rc5 {[%emt 0:01:04]} 50. Ra7+ {[%emt 0:00:28]} Kf6 {[%emt 0:00:03]} 51. Rd7 {[%emt 0:00:26]} h4 {[%emt 0:00:52]} 52. Rxd6+ {[%emt 0:00:25]} Kg5 {[%emt 0:00:02]} 53. Rd7 {[%emt 0:00:32]} Bh5 {[%emt 0:00:49]} 54. Rg7+ {[%emt 0:01:44]} Kf6 {[%emt 0:01:40]} 55. Rg1 {[%emt 0:00:48]} h3 {[%emt 0:00:41]} 56. Rg3 {[%emt 0:02:20]} 1-0